| 000 | 00464nam a2200181Ia 4500 | ||
|---|---|---|---|
| 001 | 22503 | ||
| 005 | 20260414150835.0 | ||
| 008 | 260414t2015||||xx |||||||||||||| ||spa|| | ||
| 041 | _aESP | ||
| 082 |
_a621.382 _bB57 |
||
| 100 |
_aBinh, Le Nguyen _eAUT |
||
| 245 | 0 |
_aOptical fiber communication systems with MATLAB and simulink models _b |
|
| 260 | _c2015 | ||
| 300 |
_a871 páginas : _c26 cm. |
||
| 650 | _aTCA | ||
| 654 | _aCET | ||
| 942 |
_cLIB _dJUS _fJUS _2ddc _n |
||
| 999 |
_c22503 _d22503 |
||